000 00423pam a2200157a 44500
008 230515b1999 xxu||||| |||| 00| 0 eng d
020 _aNULL
041 _aENG
082 _aNULL
100 _aSTEIN B. & REYNOLDS J & MCGUINNESS W
245 _aMECHANICAL AND ELECTRICAL EQUIPMENT FOR BUILDINGS 7TH ED VOL I PART 1 TO 2, CHAPTER 1 TO 5
250 _a0
260 _aNULL
_bNULL
_c1999
300 _a10
650 _aNULL
999 _c479220
_d479220